<?xml version="1.0" encoding="UTF-8"?>
<collection xmlns="http://www.loc.gov/MARC21/slim">
<record>
  <controlfield tag="001">171132</controlfield>
  <controlfield tag="005">20260515163944.0</controlfield>
  <datafield tag="024" ind1="7" ind2=" ">
    <subfield code="2">doi</subfield>
    <subfield code="a">10.1016/S1138-2074(14)70053-3</subfield>
  </datafield>
  <datafield tag="024" ind1="8" ind2=" ">
    <subfield code="2">sideral</subfield>
    <subfield code="a">88978</subfield>
  </datafield>
  <datafield tag="037" ind1=" " ind2=" ">
    <subfield code="a">ART-2014-88978</subfield>
  </datafield>
  <datafield tag="041" ind1=" " ind2=" ">
    <subfield code="a">spa</subfield>
  </datafield>
  <datafield tag="100" ind1=" " ind2=" ">
    <subfield code="a">González-Agüero, A.</subfield>
    <subfield code="0">(orcid)0000-0002-1132-5906</subfield>
  </datafield>
  <datafield tag="245" ind1=" " ind2=" ">
    <subfield code="a">Efectos del entrenamiento pliométrico sobre la resistencia cardiorrespiratoria de niños y adolescentes con síndrome de Down</subfield>
  </datafield>
  <datafield tag="260" ind1=" " ind2=" ">
    <subfield code="c">2014</subfield>
  </datafield>
  <datafield tag="520" ind1="3" ind2=" ">
    <subfield code="a">Objetivo

Determinar los efectos de 21 semanas de entrenamiento en circuito, incluyendo saltos pliométricos, sobre la resistencia cardiorrespiratoria de jóvenes con síndrome de Down (SD).
Método

Veintisiete jóvenes con SD de entre 10 y 19 años participaron en este estudio. Los participantes se dividieron en dos grupos: ejercicio (EJE; n = 4) y control (CON; n = 13). Antes y después de la realización del programa de entrenamiento se midieron los siguientes parámetros: tiempo de trabajo, valores máximos de consumo de oxígeno, cociente respiratorio, frecuencia cardíaca y ventilación minuto de los participantes mediante una prueba de esfuerzo progresiva en tapiz rodante.
Resultados

Los participantes del grupo EJE aumentaron todos los parámetros cardiovasculares en comparación con su valor basal, después del entrenamiento (todos p &lt; 0,05). Además, a pesar de tener unos valores similares antes del entrenamiento, el grupo EJE mostró valores más elevados que el grupo CON después del entrenamiento (todos p &lt; 0,05).
Conclusión

Se puede concluir que los jóvenes con SD pueden conseguir mejoras en diversos parámetros cardiorrespiratorios tras la ejecución de 21 semanas de entrenamiento con ejercicios pliométricos.

Abstract
Aim

To ascertain the effects of 21 weeks of circuit training, including plyometric jumps, on cardiorespiratory fitness of youths with Down syndrome (DS).
Methods

Twenty-seven children and adolescents aged 10 to 19 years with DS participated in this study and were divided in two groups: exercise (EXE, n = 14) and control (CON, n = 13). Work time, peak values of oxygen consumption, respiratory exchange ratio, heart rate and minute ventilation of the participants were measured in pre- and post-training moments with a graded exercise treadmill test.
Results

EXE group increased all their cardiorespiratory parameters compared to baseline after 21 weeks of training (all p&lt;.05). Additionally, and despite having similar pre-training values, EXE group showed higher values than CON group in all cardiorespiratory parameters after training (all p&lt;.05).
Conclusion

It may be concluded that youths with DS can achieve improvements in several cardiorespiratory parameters when performing 21 weeks of training including plyometric exercises.</subfield>
  </datafield>
  <datafield tag="536" ind1=" " ind2=" ">
    <subfield code="9">info:eu-repo/grantAgreement/ES/DGA/PM17-2007</subfield>
    <subfield code="9">info:eu-repo/grantAgreement/ES/MICINN/EXERNET-DEP2005-00045-ACTI</subfield>
  </datafield>
  <datafield tag="540" ind1=" " ind2=" ">
    <subfield code="9">info:eu-repo/semantics/closedAccess</subfield>
    <subfield code="a">All rights reserved</subfield>
    <subfield code="u">http://www.europeana.eu/rights/rr-f/</subfield>
  </datafield>
  <datafield tag="655" ind1=" " ind2="4">
    <subfield code="a">info:eu-repo/semantics/article</subfield>
    <subfield code="v">info:eu-repo/semantics/publishedVersion</subfield>
  </datafield>
  <datafield tag="700" ind1=" " ind2=" ">
    <subfield code="a">Gómez-Cabello, A.</subfield>
    <subfield code="0">(orcid)0000-0001-6492-2512</subfield>
  </datafield>
  <datafield tag="700" ind1=" " ind2=" ">
    <subfield code="a">Matute-Llorente ,A.</subfield>
    <subfield code="0">(orcid)0000-0001-8500-1667</subfield>
  </datafield>
  <datafield tag="700" ind1=" " ind2=" ">
    <subfield code="a">Gómez-Bruton, A.</subfield>
    <subfield code="u">Universidad de Zaragoza</subfield>
    <subfield code="0">(orcid)0000-0002-0520-1640</subfield>
  </datafield>
  <datafield tag="700" ind1=" " ind2=" ">
    <subfield code="a">Vicente-Rodríguez, G.</subfield>
    <subfield code="u">Universidad de Zaragoza</subfield>
    <subfield code="0">(orcid)0000-0002-4303-4097</subfield>
  </datafield>
  <datafield tag="700" ind1=" " ind2=" ">
    <subfield code="a">Casajús, J. A.</subfield>
    <subfield code="u">Universidad de Zaragoza</subfield>
    <subfield code="0">(orcid)0000-0002-7215-6931</subfield>
  </datafield>
  <datafield tag="710" ind1="2" ind2=" ">
    <subfield code="1">1006</subfield>
    <subfield code="2">245</subfield>
    <subfield code="a">Universidad de Zaragoza</subfield>
    <subfield code="b">Dpto. Fisiatría y Enfermería</subfield>
    <subfield code="c">Área Educación Física y Depor.</subfield>
  </datafield>
  <datafield tag="773" ind1=" " ind2=" ">
    <subfield code="g">18, 3 (2014), 35-42</subfield>
    <subfield code="p">SD, Rev. med. int. Síndr. Down</subfield>
    <subfield code="t">SD Revista Médica Internacional sobre el Síndrome de Down</subfield>
    <subfield code="x">1138-2074</subfield>
  </datafield>
  <datafield tag="856" ind1="4" ind2=" ">
    <subfield code="s">586351</subfield>
    <subfield code="u">http://zaguan.unizar.es/record/171132/files/texto_completo.pdf</subfield>
    <subfield code="y">Versión publicada</subfield>
  </datafield>
  <datafield tag="856" ind1="4" ind2=" ">
    <subfield code="s">2016673</subfield>
    <subfield code="u">http://zaguan.unizar.es/record/171132/files/texto_completo.jpg?subformat=icon</subfield>
    <subfield code="x">icon</subfield>
    <subfield code="y">Versión publicada</subfield>
  </datafield>
  <datafield tag="909" ind1="C" ind2="O">
    <subfield code="o">oai:zaguan.unizar.es:171132</subfield>
    <subfield code="p">articulos</subfield>
    <subfield code="p">driver</subfield>
  </datafield>
  <datafield tag="951" ind1=" " ind2=" ">
    <subfield code="a">2026-05-15-14:53:24</subfield>
  </datafield>
  <datafield tag="980" ind1=" " ind2=" ">
    <subfield code="a">ARTICLE</subfield>
  </datafield>
</record>
</collection>